| 000 | 006370000a22001810004500 | ||
|---|---|---|---|
| 003 | MACL | ||
| 005 | 20160514122552.0 | ||
| 008 | 160514b xxu||||| |||| 00| 0 eng d | ||
| 040 |
_aMACL _cMACL |
||
| 041 | _aHindi | ||
| 082 | _a891.433 | ||
| 100 |
_aभदौरिया, अर्जुन सिंह _956955 |
||
| 245 |
_aनींव के पत्थर _bएक आत्मकथा _cअर्जुन सिंह भदौरिया |
||
| 260 |
_bसमाजवादी प्रकाशन _c1992 _aदिल्ली |
||
| 350 | _a250 | ||
| 650 |
_aAutobiography _956956 |
||
| 942 |
_cHIN _k920/BHA _2ddc |
||
| 999 |
_c21308 _d21308 |
||